Największe miasta leżące nad rzeką Niger - Statystyki

Ogólne statystyki
  • Ten quiz został rozwiązany 18 razy
  • Średni wynik to 3 z 9
Statystyki odpowiedzi
Hint Odpowiedź % Poprawnych
1,283mln. Niamey
100%
1,793mln. Bamako
73%
2,407mln. Port Harcourt
45%
108tys. Mopti
18%
112tys. Faranah
9%
692tys. Lokaja
9%
262tys. Onitsha
9%
104tys. Ségou
9%
150tys. Asaba
0%
Nie znaleziono quizów pasujących do podanych kryteriów
Rozkład punktacji
Procent ludzi z każdym wynikiem
Percentyl według liczby udzielonych odpowiedzi
Twoja historia wyników
Nie rozwiązałeś tego quizu